Macht der Sprache - Sprache der Macht eine kontrastive mehrsprachige Analyse anhand von Korpustexten der meinungsbildenden Tageszeitungen mit Fokus auf Phraseologie und Metaphernforschung

Na minha lista:
Detalhes bibliográficos
Outros Autores: Lišková, Danuša, Štefančík, Radoslav, 1976-, Zavrl, Irena, Széherová, Eva
Formato: Livro
Idioma:alemão
eslovaco
inglês
espanhol
francês
Publicado em: Hamburg Verlag Dr. Kovač 2017
Edição:1. Auf.
Colecção:Schriften zur Vergleichenden Sprachwissenschaft Band 21
Assuntos:
Tags: Adicionar Tag
Sem tags, seja o primeiro a adicionar uma tag!

MARC

LEADER 00000nam a2200000 4500
001 0235956
005 20240502083628.7
020 |a 978-3-8300-9571-2 
041 0 |a ger 
041 0 |a slo 
041 0 |a eng 
041 0 |a spa 
041 0 |a fre 
044 |a DE 
245 1 0 |a Macht der Sprache - Sprache der Macht  |b eine kontrastive mehrsprachige Analyse anhand von Korpustexten der meinungsbildenden Tageszeitungen mit Fokus auf Phraseologie und Metaphernforschung  |c Danuša Lišková, Radoslav Štefančík (Hrsg.) 
250 |a 1. Auf. 
264 1 |a Hamburg  |b Verlag Dr. Kovač  |c 2017 
300 |a 238 s. [10,7 AH] 
490 1 |a Schriften zur Vergleichenden Sprachwissenschaft  |v Band 21 
830 0 |a Schriften zur Vergleichenden Sprachwissenschaft  |v Band 21 
610 2 0 |a jazyky cudzie 
610 2 0 |a nemčina 
610 2 0 |a angličtina 
610 2 0 |a španielčina 
610 2 0 |a francúzština 
610 2 0 |a frazeológia 
610 2 0 |a zásoba slovná 
610 2 0 |a preklady 
610 2 0 |a terminológia 
700 1 |a Lišková, Danuša 
700 1 |a Štefančík, Radoslav, 1976- 
700 1 |a Zavrl, Irena 
700 1 |a Széherová, Eva